| 000 | 00795nas a2200277 4500 | ||
|---|---|---|---|
| 001 | BR0900437 | ||
| 003 | BR-BrBNA | ||
| 005 | 20231205113021.0 | ||
| 007 | ta | ||
| 008 | 230509b bl.|||p| |||| 00| 00por d | ||
| 040 |
_aBR-BrBNA _bpor _cBiblioteca Nacional de Agricultura |
||
| 041 | _a(Pt) | ||
| 072 | _aL73 | ||
| 100 | 1 | _aSimor, E.D.L.C. | |
| 100 | 1 | _aFreitas, J. de A. | |
| 100 | 1 | _aCampos, C.E.D. | |
| 245 | 1 | _aTuberculose em bovídeos abatidos para consumo | |
| 650 | _aTUBERCULOSE | ||
| 650 | _aBOVÍDEO | ||
| 650 | _aABATE | ||
| 650 | _aMYCOBACTERIUM BOVIS | ||
| 650 | _aTOPOGRAFIA | ||
| 773 | 0 |
_tRevista de Ciências Agrárias (Brazil) _xISSN 1517-591X _g(Jan-Jun 2006), (no. 45) p. 267-281 _wBR0900437 |
|
| 909 |
_a202311 _bLúcia _c55 _dLúcia Elande |
||
| 942 |
_2AGRIS _n0 _cANA |
||
| 999 |
_c201356 _d201356 |
||